[Event "1a. 2006"]
[Site "?"]
[Date "2006.??.??"]
[Round "?"]
[White "Arevalo S., Felipe"]
[Black "Rosales S., Allan"]
[Result "0-1"]
[WhiteElo "1661"]
[BlackElo "1934"]
[PlyCount "88"]

1. d4 d5 2. c4 c6 3. e3 Nf6 4. Nc3 e6 5. Nf3 Nbd7 6. Bd3 dxc4 7. Bxc4 b5 8. Bd3
a6 9. O-O Bb7 10. Re1 Be7 11. a3 c5 12. dxc5 Nxc5 13. Bc2 Qc7 14. b4 Rd8 15.
Qe2 Ncd7 16. Bb2 O-O 17. Rac1 Qb8 18. Red1 Ng4 19. Be4 Nde5 20. g3 Bf6 21. Bxb7
Qxb7 22. Nxe5 Nxe5 23. e4 Nc4 24. Na4 Rxd1+ 25. Rxd1 Nxb2 26. Nxb2 Bxb2 27.
Qxb2 Qxe4 28. Qd4 Qf3 29. Qd3 Qc6 30. Qd6 Qc2 31. Qd3 Qc4 32. Qd6 Qc8 33. Qd7
Qa8 34. Rd6 Rc8 35. Rd1 h6 36. Qd6 Qf3 37. Qd7 Rc3 38. Ra1 h5 39. a4 bxa4 40.
Qxa4 h4 41. Qxa6 Kh7 42. b5 $2 42... h3 43. Kf1 Rc2 44. Qa7 Qh1# 0-1

[Event "1a. 2006"]
[Site "?"]
[Date "2006.??.??"]
[Round "?"]
[White "Mujica A., Cristhian"]
[Black "Ojeda M., Pablo"]
[Result "0-1"]
[WhiteElo "1766"]
[BlackElo "2014"]
[PlyCount "65"]

1. e4 c5 2. Nf3 Nc6 3. d4 cxd4 4. Nxd4 Nf6 5. Nc3 e5 6. Nb3 Bb4 7. Bd2 $6 7...
Bxc3 8. Bxc3 Nxe4 9. Bd3 Nxc3 10. bxc3 d5 11. O-O O-O 12. f3 Qg5 13. Kh1 Re8
14. Be2 Ne7 15. Nc5 Nf5 16. Bb5 Rd8 17. Bd3 Rd6 18. Bxf5 Qxf5 19. Rb1 b6 20.
Ne4 Rd8 21. Rb5 Bb7 22. Ng3 Qg5 23. Rb4 f5 24. f4 exf4 25. Rbxf4 g6 26. Qd4 Re8
27. Nxf5 $2 27... gxf5 28. h4 Qg7 29. Qd2 Re4 30. Rxf5 Rxh4+ 31. Kg1 Qh6 32.
Rg5+ Kh8 33. Qd4+ $4 0-1

[Event "1a. 2006"]
[Site "?"]
[Date "2006.??.??"]
[Round "?"]
[White "Iocco B., Pablo"]
[Black "Rosales S., Robin"]
[Result "1-0"]
[WhiteElo "1822"]
[BlackElo "1683"]
[PlyCount "51"]

1. e4 e5 2. Nf3 Nc6 3. Bc4 Be7 4. O-O Nf6 5. Re1 O-O 6. c3 d6 7. d4 exd4 8.
cxd4 Kh8 9. h3 9... Nxe4 $2 10. d5 Na5 11. Rxe4 f5 12. Rf4 g5 13. Qd2 gxf4 14.
Qxa5 b6 15. Qd2 Bg5 16. Nxg5 Qxg5 17. Qxf4 Qxf4 18. Bxf4 Re8 19. Nc3 Bd7 20.
Bb5 Bxb5 21. Nxb5 Re4 22. Nxc7 Rd8 23. Ne6 Rd7 24. Rc1 24... Kg8 $2 25. Rc8+
Kf7 26. Ng5+ 1-0

[Event "1a. 2006"]
[Site "?"]
[Date "2006.??.??"]
[Round "?"]
[White "Montenegro B., Manuel"]
[Black "Pando T., Luis"]
[Result "0-1"]
[WhiteElo "1682"]
[BlackElo "1849"]
[PlyCount "104"]

1. d4 Nf6 2. c4 e5 3. dxe5 Ng4 4. Nf3 Nc6 5. e3 Bb4+ 6. Bd2 Qe7 7. a3 Bxd2+ 8.
Nbxd2 Ngxe5 9. Be2 d6 10. b4 Bf5 11. Qb3 O-O 12. O-O Qf6 13. Rac1 Rae8 14. Qc3
Nxf3+ 15. Bxf3 Ne5 16. Be2 Qg6 17. Rfe1 Bh3 18. g3 h5 19. Qd4 Re6 20. Red1 Nc6
21. Qc3 h4 22. Nf1 Rfe8 23. Rd5 Qe4 24. f3 Qg6 25. e4 Bxf1 26. Bxf1 hxg3 27. h3
Ne5 28. Bg2 Rf6 29. Rf1 Qh6 30. c5 Qf4 31. cxd6 cxd6 32. Rdd1 Ng6 33. Qd2 Qh4
34. Rde1 Nf4 35. Re3 Rh6 36. Rc1 Nxh3+ 37. Bxh3 Qxh3 38. Qg2 Qh4 39. f4 Qxf4
40. Qf3 Qe5 41. Rf1 Rf6 42. Qg2 Ree6 43. Rff3 Qa1+ 44. Rf1 Rxf1+ 45. Qxf1 Qd4
46. Qd3 Qa1+ 47. Qf1 Qb2 48. Qe2 Qxe2 49. Rxe2 f5 50. Kg2 Rxe4 51. Rd2 Re6 52.
Kxg3 Kf7 0-1

[Event "1a. 2006"]
[Site "?"]
[Date "2006.??.??"]
[Round "?"]
[White "Torres E., Rodolfo"]
[Black "Rosales S., Robin"]
[Result "1-0"]
[WhiteElo "1802"]
[BlackElo "1683"]
[PlyCount "63"]

1. e4 e5 2. Nf3 Nc6 3. Bc4 Be7 4. d4 exd4 5. Nxd4 Nxd4 6. Qxd4 Bf6 7. Qd5 Qe7
8. O-O Qe6 9. Qd3 Qe5 10. Qb3 Qe7 11. Nc3 Bxc3 12. bxc3 Nf6 13. Ba3 d6 14. e5
14... O-O $2 15. exf6 Qxf6 16. Rfe1 b6 17. Bd5 Rb8 18. c4 Be6 19. Bb2 Qg6 20.
Rad1 Bxd5 21. cxd5 Rfe8 22. Qg3 Qxg3 23. hxg3 Rxe1+ 24. Rxe1 h6 25. Re7 Rc8 26.
f3 Kf8 27. Re4 f5 28. Re6 Kf7 29. Re2 c6 30. dxc6 Rxc6 31. Kf2 d5 32. Bd4 1-0

[Event "1a. 2006"]
[Site "?"]
[Date "2006.??.??"]
[Round "?"]
[White "Rosales V., Claudio"]
[Black "Arevalo S., Felipe"]
[Result "1-0"]
[WhiteElo "1739"]
[BlackElo "1661"]
[PlyCount "101"]

1. e4 c5 2. f4 d6 3. Bb5+ Bd7 4. Bxd7+ Nxd7 5. Nf3 Ngf6 6. d3 e6 7. O-O Be7 8.
e5 Nd5 9. c4 Nb4 10. Nc3 a6 11. a3 Nc6 12. exd6 Bxd6 13. Ne4 Nf6 14. h3 Nxe4
15. dxe4 O-O 16. Be3 Qc7 17. e5 Be7 18. Qc2 Rfd8 19. Qe4 Nd4 20. Bxd4 cxd4 21.
Qd3 Rac8 22. Rfc1 Qb8 23. b4 Rc7 24. Rc2 24... b5 $2 25. c5 a5 26. Re1 axb4 27.
axb4 27... Qa8 $2 28. Rcc1 Qa2 29. Re2 Qa6 30. Re4 Qa4 31. Rxd4 Rxd4 32. Qxd4
h6 33. Qc3 Ra7 34. Nd4 Bd8 35. Nb3 Qa6 36. Ra1 Qb7 37. Rxa7 Qxa7 38. Nd4 Qa4
39. Kh2 Bc7 40. c6 40... Bb6 $2 41. h4 $6 {(c7 1-0)} 41... Qa6 42. c7 Qc8 43.
Nxb5 Kf8 44. Qc6 Bxc7 45. Nxc7 Kg8 46. b5 Kh7 47. b6 Qd8 48. Qc2+ g6 49. b7 $2
49... Qd4 $4 {(Dxh4+  y perpetuo)
} 50. g3 Qa7 51. Qb2 1-0

[Event "1a. 2006"]
[Site "?"]
[Date "2006.??.??"]
[Round "?"]
[White "Pando T., Luis"]
[Black "Manzano V., Jorge"]
[Result "1/2-1/2"]
[WhiteElo "1849"]
[BlackElo "1953"]
[PlyCount "117"]

1. e4 e6 2. d4 d5 3. Nc3 Bb4 4. Qg4 Nf6 5. Qxg7 Rg8 6. Qh6 Rg6 7. Qe3 dxe4 8.
Bd2 Nc6 9. Nxe4 Bxd2+ 10. Nxd2 Qxd4 11. Qxd4 Nxd4 12. O-O-O Bd7 13. Nc4 Nc6 14.
Nf3 O-O-O 15. Nce5 Rg7 16. Bd3 Ng4 17. Nxg4 Rxg4 18. Rhg1 h6 19. g3 Nb4 20. Ne5
Rg7 21. a3 Nc6 22. Nxc6 Bxc6 23. Rde1 Rg5 24. Re3 Rd6 25. Rge1 Rc5 26. b4 Rh5
27. h4 a5 28. Re5 Rd5 29. Rxh5 Rxh5 30. c4 axb4 31. axb4 b5 32. cxb5 Bxb5 33.
Bxb5 Rxb5 34. Re4 Kd7 35. Kc2 Rd5 36. Kc3 Kc6 37. Rf4 f5 38. g4 fxg4 39. Rxg4
h5 40. Rg6 Kd6 41. f4 $6 41... Rf5 42. Rg5 Kd5 43. Kd3 c6 44. Rg6 $2 44... Rxf4
45. Rg5+ Rf5 46. Rg8 46... Kd6 $6 {
(parece mejor Tf3+  47.Re2 Th3 48.Tg5+ Rc4 49Txh5 Rxb4 )} 47. Rd8+ Kc7 48. Rh8
Rd5+ 49. Kc4 Rf5 50. Kd3 e5 51. Rh6 Kb6 52. Kc3 Kb5 53. Rh8 Rf3+ 54. Kd2 Kxb4
55. Rxh5 e4 56. Re5 Rf4 57. h5 Rh4 58. Ke3 Kb3 59. Rc5 1/2-1/2

[Event "1a. 2006"]
[Site "?"]
[Date "2006.??.??"]
[Round "?"]
[White "Torres E., Rodolfo"]
[Black "Pando T., Luis"]
[Result "1-0"]
[WhiteElo "1802"]
[BlackElo "1849"]
[PlyCount "149"]

1. e4 a6 2. Nf3 a5 3. Bc4 e6 4. d4 d5 5. exd5 exd5 6. Qe2+ Be6 7. Bd3 Nf6 8.
O-O Be7 9. Ng5 Bg4 10. f3 Bd7 11. f4 h6 12. Nf3 O-O 13. Ne5 Bd6 14. Nc3 c5 15.
Nxd7 Nbxd7 16. Nb5 Qb6 17. Nxd6 Qxd6 18. dxc5 Qxc5+ 19. Be3 d4 20. Bf2 Rfe8 21.
Qf3 Qb4 22. a3 Qd6 23. Rad1 Qb6 24. a4 Rac8 25. Kh1 Qb4 26. Bxd4 Qxa4 27. Qxb7
Rb8 28. Qf3 Kh8 29. Bc3 Nc5 30. Bxf6 30... Nxd3 $2 31. Bxg7+ Kxg7 32. Qxd3 Kg8
33. Qg3+ Kf8 34. b3 Qc6 35. c4 Qb6 36. Rd3 Qb4 37. Rdf3 Re2 38. f5 Rd8 39. f6
Rdd2 40. Qg7+ Ke8 41. Qg8+ Qf8 42. Qg4 Qd6 43. Qc8+ Qd8 44. Qxd8+ Kxd8 45. Rg1
Kd7 46. Rf5 Ra2 47. h3 Ke6 48. Rf3 Rf2 49. Re1+ Kd6 50. Rxf2 Rxf2 51. Ra1 Rf5
52. Kg1 Kc6 53. Rf1 Rxf1+ 54. Kxf1 Kc5 55. Ke2 Kb4 56. Kd3 Kc5 57. g4 Kd6 58.
Kd4 Kc6 59. h4 Kd6 60. c5+ Ke6 61. Kc4 Kxf6 62. Kd5 Ke7 63. Ke5 Kd7 64. Kf6 Kc6
65. Kxf7 Kxc5 66. g5 hxg5 67. hxg5 Kb4 68. g6 Kxb3 69. g7 a4 70. g8=Q a3 71.
Qg1 Kb2 72. Qf2+ Kb1 73. Qe1+ Kb2 74. Qb4+ Ka2 75. Ke6 1-0

[Event "1a. 2006"]
[Site "?"]
[Date "2006.??.??"]
[Round "?"]
[White "Arevalo S., Felipe"]
[Black "Mujica A., Cristhian"]
[Result "0-1"]
[WhiteElo "1661"]
[BlackElo "1766"]
[PlyCount "68"]

1. d4 Nf6 2. c4 e6 3. Nc3 Bb4 4. e3 c5 5. a3 Bxc3+ 6. bxc3 Qa5 7. Qc2 O-O 8.
Bd2 d5 9. cxd5 exd5 10. c4 Qb6 11. cxd5 cxd4 12. Rb1 Qd8 13. Bb4 Re8 14. Bb5
Nbd7 15. Bxd7 Qxd7 16. Bc5 dxe3 17. Bxe3 Nxd5 18. Qd3 Nxe3 19. Qxd7 Nxg2+ 20.
Kf1 Bxd7 21. Rxb7 $2 21... Bc6 22. Rc7 Be4 23. f3 Ne3+ 24. Kf2 Bg6 25. Nh3 Nd5
26. Rd7 Nb6 27. Rd4 Rac8 28. Rhd1 Rc2+ 29. Kg3 h6 30. Nf4 Bf5 31. h4 g5 32. Nh5
Rc6 33. a4 Bg6 34. Kg4 $2 34... f5+ 0-1

[Event "1a. 2006"]
[Site "?"]
[Date "2006.??.??"]
[Round "?"]
[White "Rosales V., Claudio"]
[Black "Manzano V., Jorge"]
[Result "1/2-1/2"]
[WhiteElo "1739"]
[BlackElo "1953"]
[PlyCount "73"]

1. e4 c5 2. f4 e6 3. Nf3 a6 4. Be2 d5 5. e5 Nc6 6. O-O Qc7 7. c3 Nge7 8. Kh1 h5
9. d4 cxd4 10. cxd4 Nf5 11. Bd3 Nfxd4 12. Nxd4 Nxd4 13. Qa4+ Nc6 14. Bd2 Bd7
15. Qb3 Be7 16. Nc3 O-O 17. Qd1 g6 18. g4 hxg4 19. Qxg4 Kg7 20. Rg1 Be8 21. Rg3
Nb4 22. Be2 22... d4 $2 23. Ne4 Qc2 24. Bf3 Bc6 25. Bxb4 Bxb4 26. f5 exf5 27.
Qxf5 Rh8 28. Qf6+ Kg8 29. Rxg6+ fxg6 30. Qxg6+ Kf8 31. Qf6+ Ke8 32. Qxh8+ 32...
Ke7 $1 33. Qf6+ Kd7 34. Rg1 Re8 35. Rg7+ Kc8 36. Qf5+ Kb8 37. Rg2 1/2-1/2